000 00413nam a2200145Ia 4500
008 191206s9999 xx 000 0 und d
020 _a9780195517293 (pbk.)
090 _apn4731.c648
245 0 _adaily miracle: an introduction to journalism
250 _a3rd ed.
260 _aOxford University Press
260 _cc2006
300 _a"xxv, 491 p. : ill. ; 25 cm."
999 _c15774
_d15774